| 000 | 00640nam a2200193 a 4500 | ||
|---|---|---|---|
| 001 | 000002307 | ||
| 005 | 20200929150201.0 | ||
| 008 | 090701s2008 dr ac 000 0 spa d | ||
| 020 | _a9789945421491 | ||
| 040 |
_aDO-SdBNP _bspa _cBNPHU |
||
| 082 |
_a861.7 _bR896p |
||
| 100 | 1 |
_aRubio Cruz, Carlos Daniel _97341 |
|
| 245 | 1 | 3 |
_aLa penúltima ventana / _cCarlos Daniel Rubio Cruz ; prólogo Freddy Ginebra Giudicelli. |
| 260 |
_aSanto Domingo : _b[s. n.], _c2008. |
||
| 300 |
_a54 p. : _bil. ; retr. ; _c22 cm. |
||
| 650 | 4 |
_aPoesía española _9631 |
|
| 650 | 4 |
_aLiteratura española _9632 |
|
| 700 | 1 |
_aGinebra Giudicelli, Freddy, _epról. _97342 |
|
| 999 |
_c2152 _d2152 |
||